The corporate bouncer and other stories from Japanese business
This book is part of the Our Name in History series, a collection of fascinating facts and statistics, alongside short historical commentary, created to tell the story of previous generations who have shared this name. The information in this book is a compendium of research and data pulled from cen...
Tallennettuna:
| Päätekijä: | |
|---|---|
| Aineistotyyppi: | Kirja |
| Kieli: | Undetermined |
| Julkaistu: |
New York
Weatherhill
1989
|
| Aiheet: | |
| Tagit: |
Lisää tagi
Ei tageja, Lisää ensimmäinen tagi!
|
| Thư viện lưu trữ: | Trung tâm Học liệu Trường Đại học Cần Thơ |
|---|
| LEADER | 00962nam a2200193Ia 4500 | ||
|---|---|---|---|
| 001 | CTU_113569 | ||
| 008 | 210402s9999 xx 000 0 und d | ||
| 082 | |a 895.6 | ||
| 082 | |b K55 | ||
| 100 | |a Kinjo | ||
| 245 | 4 | |a The corporate bouncer and other stories from Japanese business | |
| 245 | 0 | |c Kinjo; Translated and edited by Tamae K. Prindle | |
| 260 | |a New York | ||
| 260 | |b Weatherhill | ||
| 260 | |c 1989 | ||
| 520 | |a This book is part of the Our Name in History series, a collection of fascinating facts and statistics, alongside short historical commentary, created to tell the story of previous generations who have shared this name. The information in this book is a compendium of research and data pulled from census records, military records, ships' logs, immigrant and port records, as well as other reputable sources | ||
| 650 | |a Japan fiction,Japanese literature | ||
| 904 | |i Giang | ||
| 980 | |a Trung tâm Học liệu Trường Đại học Cần Thơ | ||